书目信息 |
| 题名: |
中国公共图书馆创新案例
|
|
| 作者: | 段宇锋 , 金晓明 编著 | |
| 分册: | ||
| 出版信息: | 上海 上海交通大学出版社 2020.11 |
|
| 页数: | 221页 | |
| 开本: | 24cm | |
| 丛书名: | ||
| 单 册: | ||
| 中图分类: | G259.252 | |
| 科图分类: | ||
| 主题词: | 公共图书馆--图书馆管理--案例--中国 | |
| 电子资源: | ||
| ISBN: | 978-7-313-23761-3 | |
| 000 | 01329nam0 2200265 45 | |
| 001 | 012001004084 | |
| 005 | 20140926112233.0 | |
| 010 | @a978-7-313-23761-3@dCNY68.00 | |
| 100 | @a20210118d2020 em y0chiy0110 ea | |
| 101 | 0 | @achi |
| 102 | @aCN@b310000 | |
| 105 | @ay z 000yy | |
| 106 | @ar | |
| 200 | 1 | @a中国公共图书馆创新案例@Azhong guo gong gong tu shu guan chuang xin an li@dInnovation cases of public libraries in China@f段宇锋, 金晓明编著@zeng |
| 210 | @a上海@c上海交通大学出版社@d2020.11 | |
| 215 | @a221页@d24cm | |
| 300 | @a并列题名:Innovation cases of public libraries in China | |
| 330 | @a2016年《中华人民共和国公共文化服务保障法》和2017年《中华人民共和国公共图书馆法》的颁布,为中国图书馆事业的繁荣发展营造了前所未有的宏观环境。但是,在微观领域如何创新,仍是每一个图书馆都面临的难题。为此,我们拟编写和汇集一组案例,系统地反映近十年中国公共图书馆界具有典型意义的服务创新实践,分享创新经验,为系统地进行图书馆创新研究提供素材。 全书拟分为理念创新、技术创新、业务创新、制度创新四部分,计划采编20至25个案例。 | |
| 510 | 1 | @aInnovation cases of public libraries in China@zeng |
| 606 | 0 | @a公共图书馆@x图书馆管理@x案例@y中国 |
| 690 | @aG259.252@v5 | |
| 701 | 0 | @a段宇锋@Aduan yu feng@4编著 |
| 701 | 0 | @a金晓明@Ajin xiao ming@4编著 |
| 801 | @aCN@bAHXH@c20210922 | |
| 905 | @b1329317-21@dG259.252@e44@f5 | |
| 中国公共图书馆创新案例=Innovation cases of public libraries in China/段宇锋, 金晓明编著.-上海:上海交通大学出版社,2020.11 |
| 221页;24cm |
| 并列题名:Innovation cases of public libraries in China |
| ISBN 978-7-313-23761-3:CNY68.00 |
| 2016年《中华人民共和国公共文化服务保障法》和2017年《中华人民共和国公共图书馆法》的颁布,为中国图书馆事业的繁荣发展营造了前所未有的宏观环境。但是,在微观领域如何创新,仍是每一个图书馆都面临的难题。为此,我们拟编写和汇集一组案例,系统地反映近十年中国公共图书馆界具有典型意义的服务创新实践,分享创新经验,为系统地进行图书馆创新研究提供素材。 全书拟分为理念创新、技术创新、业务创新、制度创新四部分,计划采编20至25个案例。 |
| ● |
| 相关链接 |
|
|
|
|
正题名:中国公共图书馆创新案例
索取号:G259.252/44
 
预约/预借
| 序号 | 登录号 | 条形码 | 馆藏地/架位号 | 状态 | 备注 |
| 1 | 1329317 | 213293176 | 第一样本阅览室/ [索取号:G259.252/44] | 在馆 | |
| 2 | 1329318 | 213293185 | 教育系资料室/ [索取号:G259.252/44] | 在馆 | |
| 3 | 1329319 | 213293194 | 教育系资料室/ [索取号:G259.252/44] | 在馆 | |
| 4 | 1329320 | 213293201 | 第四借阅区/ [索取号:G259.252/44] | 在馆 | |
| 5 | 1329321 | 213293210 | 第四借阅区/ [索取号:G259.252/44] | 在馆 |